000 00731nam a22002175i 4500
001 53308
003 ES-MaACL
005 20230929062527.0
007 t|
008 940202s1866 sp ||||1| spa d
040 _aCAM
_bspa
100 1 _aErcilla y Zúñiga, Alonso de.
_947364
245 1 3 _aLa Araucana /
_cde Alonso de Ercilla ; edición de la Real Academia Española.
260 _aMadrid :
_bImprenta Nacional,
_c1866.
300 _a2 v. ( LXVII, 310; 465 p.) ;
_c19 cm.
490 1 _aBiblioteca selecta de autores clásicos españoles
710 2 _aReal Academia Española
_96336
830 0 _aBiblioteca selecta de autores clásicos españoles
_9180948
852 _aES-MaACL
_jF-9808-9
999 _c53308
_d53308